000 00406nam a2200169Ia 4500
005 20240921143551.0
008 240921s9999||||xx |||||||||||||| ||und||
041 _aENGLISH
082 _A621.042 N1
100 _aArchie W. Culp
245 0 _aPrinciples of Energy conversion
250 _a2nd
260 _c1991
_bMcGraw Hill ,New
650 _aElectrical
_bElectrical
942 _cBB
999 _c247890
_d247890